| 000 | 00853nam a22002297a 4500 | ||
|---|---|---|---|
| 005 | 20240530110604.0 | ||
| 008 | 161030s2014 ua g b 000 0 ara d | ||
| 017 |
_a2014/1722 _bمصر. دار الكتب |
||
| 020 | _a9772329540 | ||
| 040 |
_aEG-CaGPL _cEG-CaGPL |
||
| 082 |
_221 _a191\ _bع ف |
||
| 100 | 0 | _aعبدالحميد درويش النساج | |
| 245 | 1 | 2 |
_aالفكر العربى الحديث من زاوية فلسفية / _cعبدالحميد درويش النساج |
| 250 | _aط. 1 | ||
| 260 |
_aالقاهرة : _bعالم الكتب ، _c2014 . |
||
| 300 |
_a254 ص. ؛ _c24 سم . |
||
| 504 | _aيشتمل على ارجاعات ببليوجرافية | ||
| 650 | 0 | 7 |
_2qrmak _aالفلسفة العربية |
| 650 | 0 | 7 |
_2qrmak _aالفلسفة الحديثة |
| 942 |
_2ddc _cBK |
||
| 999 |
_c62732 _d62732 |
||